| 000 -LEADER |
| fixed length control field |
01280nam a2200277Ia 4500 |
| 001 - CONTROL NUMBER |
| control field |
18133 |
| 003 - CONTROL NUMBER IDENTIFIER |
| control field |
GE_BSU |
| 008 - FIXED-LENGTH DATA ELEMENTS--GENERAL INFORMATION |
| fixed length control field |
181216s||||||||xx |||||||||||||| ||und|| |
| 020 ## - INTERNATIONAL STANDARD BOOK NUMBER |
| International Standard Book Number |
ISSN 0137-0073 |
| 040 ## - CATALOGING SOURCE |
| Transcribing agency |
GE_BSU |
| 080 ## - UNIVERSAL DECIMAL CLASSIFICATION NUMBER |
| Universal Decimal Classification number |
811.353.1'282 |
| 245 ## - TITLE STATEMENT |
| Title |
აჭარული დიალექტის დარგობრივი ლექსიკა. კრ. 6. |
| 245 ## - TITLE STATEMENT |
| Remainder of title |
სტატიების კრებული |
| 245 ## - TITLE STATEMENT |
| Statement of responsibility, etc. |
რედ. შ. ძიძიგური. მხ. გ.ლომიძე |
| 250 ## - EDITION STATEMENT |
| Edition statement |
საქ. სსრ მეცნ. აკად., ბათუმის სამეცნ.-კვლევ. ინ-ტი |
| 260 ## - PUBLICATION, DISTRIBUTION, ETC. |
| Place of publication, distribution, etc. |
თბილისი |
| 260 ## - PUBLICATION, DISTRIBUTION, ETC. |
| Name of publisher, distributor, etc. |
მეცნიერება |
| 260 ## - PUBLICATION, DISTRIBUTION, ETC. |
| Date of publication, distribution, etc. |
1987 |
| 300 ## - PHYSICAL DESCRIPTION |
| Extent |
115 გვ.21 სმ. |
| 520 ## - SUMMARY, ETC. |
| Summary, etc. |
რეზ. რუს. ენ.. - ბიბლიოგრ. ტექსტის შენიშვნ |
| 653 ## - INDEX TERM--UNCONTROLLED |
| Uncontrolled term |
აჭარული დიალექტის დარგობრივი ლექსიკა |
| 653 ## - INDEX TERM--UNCONTROLLED |
| Uncontrolled term |
ქართული ენის დიალექტები; აჭარული დიალექტი |
| 653 ## - INDEX TERM--UNCONTROLLED |
| Uncontrolled term |
ქართული ენის ლექსიკა |
| 942 ## - ADDED ENTRY ELEMENTS (KOHA) |
| Koha item type |
წიგნი |